| 000 | 00524nam a2200193Ia 4500 | ||
|---|---|---|---|
| 003 | IIN | ||
| 005 | 20250521115706.0 | ||
| 008 | 250521s2023 xx adc 001 0 eng d | ||
| 020 |
_cRs.650.00 _a9789392242106 |
||
| 040 |
_aIIN _bEnglish |
||
| 082 |
_a610.7343 _bKUM |
||
| 100 | 1 | _aEenu | |
| 245 | 2 |
_aTextbook of Community Health Nursing _bfor GNM Nursing Students/ _cEenu |
|
| 260 |
_aPunjab _bVision _c2023 |
||
| 300 |
_aviii, 536 p. _bill. |
||
| 500 | _aIncludes Index | ||
| 650 | 1 | _aCommunity Health Nursing | |
| 942 | _cBOOK | ||
| 999 |
_c1828 _d1828 |
||